<?xml version="1.0" encoding="UTF-8"?>
<record
    xmlns:xsi="http://www.w3.org/2001/XMLSchema-instance"
    xsi:schemaLocation="http://www.loc.gov/MARC21/slim http://www.loc.gov/standards/marcxml/schema/MARC21slim.xsd"
    xmlns="http://www.loc.gov/MARC21/slim">

  <leader>01151nam a22002177a 4500</leader>
  <controlfield tag="005">20251022104737.0</controlfield>
  <datafield tag="010" ind1=" " ind2=" ">
    <subfield code="a">HIN-130007</subfield>
  </datafield>
  <datafield tag="020" ind1=" " ind2=" ">
    <subfield code="c">350.00</subfield>
  </datafield>
  <datafield tag="035" ind1=" " ind2=" ">
    <subfield code="a">HN-102353</subfield>
  </datafield>
  <datafield tag="037" ind1=" " ind2=" ">
    <subfield code="b">DBAD</subfield>
  </datafield>
  <datafield tag="082" ind1=" " ind2=" ">
    <subfield code="a">230.21</subfield>
  </datafield>
  <datafield tag="100" ind1=" " ind2=" ">
    <subfield code="a">&#x935;&#x93F;&#x926;&#x94D;&#x92F;&#x93E;&#x932;&#x902;&#x915;&#x93E;&#x930; , &#x906;&#x91A;&#x93E;&#x930;&#x94D;&#x92F; &#x905;&#x92D;&#x92F;&#x926;&#x947;&#x935; </subfield>
    <subfield code="9">85514</subfield>
  </datafield>
  <datafield tag="245" ind1=" " ind2=" ">
    <subfield code="a">&#x935;&#x948;&#x926;&#x93F;&#x915; &#x935;&#x93F;&#x928;&#x92F; / </subfield>
    <subfield code="c">&#x906;&#x91A;&#x93E;&#x930;&#x94D;&#x92F; &#x905;&#x92D;&#x92F;&#x926;&#x947;&#x935; &#x935;&#x93F;&#x926;&#x94D;&#x92F;&#x93E;&#x932;&#x902;&#x915;&#x93E; &#x90F;&#x935;&#x902; &#x906;&#x91A;&#x93E;&#x930;&#x94D;&#x92F; &#x92C;&#x94D;&#x930;. &#x928;&#x902;&#x926;&#x915;&#x93F;&#x936;&#x94B;&#x930; </subfield>
  </datafield>
  <datafield tag="260" ind1=" " ind2=" ">
    <subfield code="a">&#x926;&#x93F;&#x932;&#x94D;&#x932;&#x940; </subfield>
    <subfield code="b">&#x935;&#x948;&#x926;&#x93F;&#x915; &#x938;&#x93E;&#x939;&#x93F;&#x924;&#x94D;&#x92F; &#x92A;&#x94D;&#x930;&#x924;&#x93F;&#x937;&#x94D;&#x920;&#x93E;&#x928; </subfield>
  </datafield>
  <datafield tag="270" ind1=" " ind2=" ">
    <subfield code="a">&#x917;&#x923;&#x947;&#x936;&#x926;&#x93E;&#x938; &#x917;&#x930;&#x93F;&#x92E;&#x93E; &#x917;&#x94B;&#x92F;&#x932;, 1967/1, &#x92D;&#x94B;&#x932;&#x93E; &#x928;&#x93E;&#x925; &#x928;&#x917;&#x930;, &#x926;&#x93F;&#x932;&#x94D;&#x932;&#x940; </subfield>
    <subfield code="b">&#x926;&#x93F;&#x932;&#x94D;&#x932;&#x940; </subfield>
    <subfield code="e">110032</subfield>
    <subfield code="k">9212458841</subfield>
  </datafield>
  <datafield tag="300" ind1=" " ind2=" ">
    <subfield code="a">428&#x92A;&#x943;.</subfield>
    <subfield code="c">22 &#x938;&#x947;&#x92E;&#x940; (&#x938;&#x91C;&#x93F;&#x932;&#x94D;&#x926;)</subfield>
  </datafield>
  <datafield tag="490" ind1=" " ind2=" ">
    <subfield code="v">230.21</subfield>
  </datafield>
  <datafield tag="700" ind1=" " ind2=" ">
    <subfield code="a">&#x935;&#x93F;&#x926;&#x94D;&#x92F;&#x93E;&#x932;&#x902;&#x915;&#x93E;&#x930; , &#x906;&#x91A;&#x93E;&#x930;&#x94D;&#x92F; &#x905;&#x92D;&#x92F;&#x926;&#x947;&#x935; </subfield>
    <subfield code="9">83348</subfield>
  </datafield>
  <datafield tag="700" ind1=" " ind2=" ">
    <subfield code="a">&#x928;&#x902;&#x926;&#x915;&#x93F;&#x936;&#x94B;&#x930;, &#x906;&#x91A;&#x93E;&#x930;&#x94D;&#x92F; &#x92C;&#x94D;&#x930; &#x926;&#x94D;&#x935;&#x93E;&#x930;&#x93E; &#x938;&#x902;&#x92A;&#x93E;&#x926;&#x93F;&#x924; </subfield>
    <subfield code="9">83349</subfield>
  </datafield>
  <datafield tag="942" ind1=" " ind2=" ">
    <subfield code="2">ddc</subfield>
    <subfield code="c">HN</subfield>
    <subfield code="h">230.21</subfield>
    <subfield code="m">&#x935;&#x93F;&#x926;&#x94D;&#x92F;&#x93E;&#x932;&#x902;</subfield>
  </datafield>
  <datafield tag="999" ind1=" " ind2=" ">
    <subfield code="c">212617</subfield>
    <subfield code="d">212617</subfield>
  </datafield>
  <datafield tag="952" ind1=" " ind2=" ">
    <subfield code="0">0</subfield>
    <subfield code="1">0</subfield>
    <subfield code="4">0</subfield>
    <subfield code="7">1</subfield>
    <subfield code="8">NFIC</subfield>
    <subfield code="a">BN</subfield>
    <subfield code="b">BN</subfield>
    <subfield code="d">2025-07-25</subfield>
    <subfield code="e">DBAD</subfield>
    <subfield code="g">350.00</subfield>
    <subfield code="l">0</subfield>
    <subfield code="o">230.21 &#x935;&#x93F;&#x926;&#x94D;&#x92F;&#x93E;&#x932;&#x902;</subfield>
    <subfield code="p">HN-102353</subfield>
    <subfield code="r">2025-07-25 00:00:00</subfield>
    <subfield code="t">1</subfield>
    <subfield code="v">350.00</subfield>
    <subfield code="w">2025-07-25</subfield>
    <subfield code="y">HN</subfield>
  </datafield>
</record>
